000 00796nam a2200253 i 4500
001 000027642
003 DO-SdBNP
005 20241030104236.0
007 ta
008 110404s1923 dr 000 0 spa d
040 _aDO-SdBNP
_bspa
_cBNPHU
_erda
049 _aBNPD
082 4 _axxxx
_bG216c
_222
100 1 _aGarcía Mella, Moisés,
_eautor
_4aut.
_923650
245 1 3 _aLa cuestión límites /
_cMoisés García Mella.
264 4 _aSanto Domingo :
_bEditora Rafael V. Montalvo,
_c1923.
300 _a120, [1] páginas ;
_c22 cm.
336 _atexto
_btxt
_2rdacontent
337 _asin mediación
_bn
_2rdamedia
338 _avolumen
_bnc
_2rdacarrier
500 _aIncluye referencias bibliográficas y notas al pie de las páginas
590 _aInventariado, 2024/BT
942 _2ddc
_cLBS1
999 _c27134
_d27134